Najpopularniejsze niemieckie marki samochodów. - Statystyki

Ogólne statystyki
  • Ten quiz został rozwiązany 329 razy
  • Średni wynik to 5 z 7
Statystyki odpowiedzi
Marka samochodu % Poprawnych
A Audi
96%
A BMW
91%
A Mercedes
89%
A Volkswagen
77%
A Opel
72%
A Porsche
60%
A Man
22%
Nie znaleziono quizów pasujących do podanych kryteriów
Rozkład punktacji
Procent ludzi z każdym wynikiem
Percentyl według liczby udzielonych odpowiedzi
Twoja historia wyników
Nie rozwiązałeś tego quizu